Normal view
MARC view
- World Bank
Entry Corporate Name
001 - CONTROL NUMBER
- control field: 105080
003 - CONTROL NUMBER IDENTIFIER
- control field: NUST
005 - DATE AND TIME OF LATEST TRANSACTION
- control field: 20221216125226.0
008 - FIXED-LENGTH DATA ELEMENTS
- fixed length control field: 221216|| aca||aabn | a|a d
040 ## - CATALOGING SOURCE
- Original cataloging agency: NUST
- Transcribing agency: NUST
110 ## - HEADING--CORPORATE NAME
- Corporate name or jurisdiction name as entry element: World Bank
- Geographic subdivision: Developing countries
670 ## - SOURCE DATA FOUND
- Source citation: Work cat.: (NUST)204127: Perkins, John, 22963, Confessions of an economic hit man /, 2006
